[Event "Interclubs Adultes"]
[Site "PARIS CHESS XV"]
[Date "2008.03.09"]
[Round "6.8"]
[White "Allaf, Alice"]
[Black "Mancini, Mario"]
[Result "0-1"]
[WhiteElo "1499"]
[BlackElo "2225"]
[PlyCount "60"]
[EventDate "2008.03.09"]
[WhiteTeam "Chess XV"]
[BlackTeam "Chalons en Champagne"]

1. e4 c5 2. Nf3 d6 3. d3 Nc6 4. Be3 g6 5. Nc3 Bg7 6. Be2 Nf6 7. Qd2 Ng4 8. Rb1
Nxe3 9. Qxe3 O-O 10. O-O Rb8 11. Rfd1 b5 12. d4 cxd4 13. Nxd4 Nxd4 14. Rxd4
Bxd4 15. Qxd4 a6 16. Rd1 Be6 17. b3 Qc7 18. Bd3 Rfc8 19. Ne2 Qc5 20. Qb2 f6 21.
h3 Bf7 22. Qc1 Kg7 23. Rf1 Rd8 24. Kh1 d5 25. Ng3 Rbc8 26. Qf4 dxe4 27. Nxe4
Qc7 28. Qh4 h6 29. f4 Rd4 30. Qg4 f5 0-1

[Event "Interclubs Adultes"]
[Site "TOURS"]
[Date "2008.03.09"]
[Round "6.1"]
[White "Moradiabadi, Elshan"]
[Black "Le Roux, Jean-Pierre"]
[Result "1-0"]
[WhiteElo "2506"]
[BlackElo "2491"]
[PlyCount "41"]
[EventDate "2008.03.09"]
[WhiteTeam "Noisy le Grand"]
[BlackTeam "Guingamp"]

1. d4 Nf6 2. Nf3 g6 3. c4 Bg7 4. g3 O-O 5. Bg2 d5 6. cxd5 Nxd5 7. O-O Na6 8.
Nc3 c5 9. Nxd5 Qxd5 10. Be3 Qh5 11. dxc5 Bxb2 12. Rb1 Bf6 13. Qc1 Rb8 14. Nd2
Bh3 15. Bxh3 Qxh3 16. Ne4 Be5 17. Qc4 Qf5 18. Rfd1 Rfc8 19. f3 Nc7 20. Qa4 a6
21. g4 1-0

[Event "Interclubs Adultes"]
[Site "TOURS"]
[Date "2008.03.09"]
[Round "6.2"]
[White "Dumitrache, Dragos-Nicolae"]
[Black "Onkoud, Abdelaziz"]
[Result "1/2-1/2"]
[WhiteElo "2495"]
[BlackElo "2396"]
[PlyCount "68"]
[EventDate "2008.03.09"]
[WhiteTeam "Guingamp"]
[BlackTeam "Noisy le Grand"]

1. d4 c5 2. d5 g6 3. e4 Bg7 4. c4 d6 5. Nc3 Nf6 6. Bd3 e6 7. Nge2 O-O 8. O-O
exd5 9. cxd5 Ng4 10. h3 Ne5 11. Bc2 Na6 12. f4 Nd7 13. Be3 Nc7 14. a4 Rb8 15.
Ng3 a6 16. e5 dxe5 17. f5 b5 18. d6 Ne8 19. axb5 axb5 20. Nge4 Nef6 21. fxg6
hxg6 22. Bg5 Bb7 23. Qe1 b4 24. Rxf6 Qc8 25. Rf1 bxc3 26. bxc3 f5 27. Be7 fxe4
28. Qg3 Rf4 29. Qxg6 Nf8 30. Bb3+ c4 31. Bxf8 Qc5+ 32. Kh2 Rbxf8 33. Qe6+ Kh8
34. Bxc4 e3 1/2-1/2

[Event "Interclubs Adultes"]
[Site "TOURS"]
[Date "2008.03.09"]
[Round "6.3"]
[White "Haik, Aldo"]
[Black "Alanic, Xavier"]
[Result "1/2-1/2"]
[WhiteElo "2384"]
[BlackElo "2284"]
[PlyCount "81"]
[EventDate "2008.03.09"]
[WhiteTeam "Noisy le Grand"]
[BlackTeam "Guingamp"]

1. d4 g6 2. c4 Bg7 3. e4 c6 4. Nc3 d6 5. h3 e5 6. Nf3 Nd7 7. Be2 Ngf6 8. dxe5
dxe5 9. Be3 O-O 10. Qc2 Qc7 11. O-O Re8 12. c5 Nf8 13. Rfd1 Nh5 14. a3 Nf4 15.
Bf1 Qe7 16. Rd6 g5 17. g3 Nxh3+ 18. Bxh3 Bxh3 19. Bxg5 f6 20. Be3 Ng6 21. Nh2
Be6 22. Rad1 Qf7 23. Qe2 Bf8 24. R6d2 Bb3 25. Re1 Rad8 26. Rxd8 Rxd8 27. Qh5
Bg7 28. Ng4 Nf8 29. Qh4 Rd7 30. Bh6 Ng6 31. Qh5 Be6 32. Bxg7 Bxg4 33. Qxg4 Qxg7
34. Nd1 Nf8 35. Qh3 Rd4 36. Ne3 Rxe4 37. Rf1 Rd4 38. Nf5 Qd7 39. Qh5 Rd5 40.
Re1 Ng6 41. Ne3 1/2-1/2

[Event "Interclubs Adultes"]
[Site "TOURS"]
[Date "2008.03.09"]
[Round "6.4"]
[White "Terrieux, Kevin"]
[Black "Nguyen, Thanh-Tong"]
[Result "0-1"]
[WhiteElo "2363"]
[BlackElo "2343"]
[PlyCount "52"]
[EventDate "2008.03.09"]
[WhiteTeam "Guingamp"]
[BlackTeam "Noisy le Grand"]

1. d4 Nf6 2. c4 g6 3. Nc3 Bg7 4. e4 d6 5. Be2 O-O 6. Bg5 a6 7. Qd2 Nbd7 8. g4
c5 9. d5 b5 10. f3 Ne5 11. cxb5 axb5 12. Nxb5 Ba6 13. a4 Qb6 14. Ra3 c4 15. Be3
Qb7 16. g5 Nfd7 17. f4 Bxb5 18. axb5 Rxa3 19. bxa3 Qxb5 20. fxe5 Qb1+ 21. Qc1
Qxe4 22. Bf3 Qd3 23. Be2 Qxd5 24. Nf3 Nxe5 25. O-O c3 26. Qxc3 Qxf3 0-1

[Event "Interclubs Adultes"]
[Site "TOURS"]
[Date "2008.03.09"]
[Round "6.5"]
[White "Rano, David"]
[Black "De Sousa, Jose-Claude"]
[Result "1/2-1/2"]
[WhiteElo "2171"]
[BlackElo "2297"]
[PlyCount "52"]
[EventDate "2008.03.09"]
[WhiteTeam "Noisy le Grand"]
[BlackTeam "Guingamp"]

1. d4 Nf6 2. c4 e6 3. Nc3 Bb4 4. a3 Bxc3+ 5. bxc3 b6 6. e3 Bb7 7. f3 Nh5 8. Nh3
f5 9. Bd3 Qh4+ 10. Nf2 O-O 11. Ra2 d6 12. O-O Nd7 13. e4 f4 14. a4 a5 15. Ba3
e5 16. c5 dxc5 17. dxc5 Rfd8 18. Qb3+ Kh8 19. Rd2 Rab8 20. cxb6 Nxb6 21. Ng4
Bxe4 22. Bxe4 Rxd2 23. Nxe5 Qf6 24. Nf7+ Kg8 25. Ng5+ Kh8 26. Nf7+ Kg8 1/2-1/2

[Event "Interclubs Adultes"]
[Site "TOURS"]
[Date "2008.03.09"]
[Round "6.7"]
[White "Triger, Franck"]
[Black "Capitaine, Adrien"]
[Result "1/2-1/2"]
[WhiteElo "2090"]
[BlackElo "2138"]
[PlyCount "76"]
[EventDate "2008.03.09"]
[WhiteTeam "Noisy le Grand"]
[BlackTeam "Guingamp"]

1. d4 f5 2. Bg5 h6 3. Bh4 g5 4. e3 Nf6 5. Bg3 d6 6. Bd3 Nc6 7. h4 g4 8. c3 e6
9. Nd2 Qe7 10. Qc2 Nh5 11. Ne2 Bg7 12. O-O-O Rf8 13. f3 gxf3 14. gxf3 Bd7 15.
Bf2 O-O-O 16. Rdg1 Bf6 17. e4 Qf7 18. Be3 Rh8 19. Qb3 d5 20. e5 Be7 21. Qd1
Rdg8 22. Rxg8+ Qxg8 23. Rg1 Qf8 24. Qe1 Nd8 25. Nf4 Nxf4 26. Bxf4 c5 $138 27.
dxc5 Bxc5 28. Be3 Nc6 29. Nb3 b6 30. Bxc5 bxc5 31. Bb5 Qd8 32. Bxc6 Bxc6 33.
Qe3 c4 34. Qc5 Qc7 35. Nd4 Bd7 36. Qxc7+ Kxc7 37. Rg6 Kc8 38. Kd2 h5 1/2-1/2

[Event "Interclubs Adultes"]
[Site "TOURS"]
[Date "2008.03.09"]
[Round "6.8"]
[White "Le Diouron, Aurelie"]
[Black "Tatard, Marie"]
[Result "1-0"]
[WhiteElo "2028"]
[BlackElo "1922"]
[PlyCount "75"]
[EventDate "2008.03.09"]
[WhiteTeam "Guingamp"]
[BlackTeam "Noisy le Grand"]

1. e4 e6 2. d4 d5 3. Nd2 c5 4. exd5 exd5 5. Ngf3 Nf6 6. Bb5+ Bd7 7. Bxd7+ Nbxd7
8. O-O Be7 9. Re1 O-O 10. Ne5 cxd4 11. Nxd7 Qxd7 12. Nf3 Rfe8 13. Bg5 h6 14.
Bh4 Qg4 15. h3 Qd7 16. Qxd4 Qc6 17. Qd3 Qc4 18. Qf5 g6 19. Qe5 Nd7 20. Qg3 Bc5
21. c3 Re2 22. Rxe2 Qxe2 23. Re1 Qxb2 24. Qc7 Qb5 25. Qf4 Bf8 26. Nd4 Qc5 27.
Re3 Bg7 28. Re7 Ne5 29. Rxe5 Bxe5 30. Qxe5 Qxc3 31. Bf6 Kh7 32. Qf4 Qe1+ 33.
Kh2 Qe4 34. Qc7 Rf8 35. Be5 Kg8 36. f4 f6 37. Ne6 Rf7 38. Qd8+ 1-0

[Event "Interclubs Adultes"]
[Site "TOURS"]
[Date "2008.03.09"]
[Round "6.1"]
[White "Komarov, Dimitri"]
[Black "Petkov, Vladimir"]
[Result "1-0"]
[WhiteElo "2532"]
[BlackElo "2434"]
[PlyCount "50"]
[EventDate "2008.03.09"]
[WhiteTeam "Drancy"]
[BlackTeam "C.E. Nantes"]

1. d4 Nf6 2. c4 e6 3. Nf3 b6 4. g3 Ba6 5. b3 b5 6. cxb5 Bxb5 7. Bg2 Bb4+ 8. Bd2
a5 9. Bxb4 axb4 10. Qd2 Nc6 11. Qg5 d5 12. Qxg7 Rg8 13. Qh6 Qe7 14. Qe3 Ng4 15.
Qd2 Qf6 16. O-O h5 17. a4 Ba6 18. Ra2 h4 19. Rc2 Bb7 20. h3 Nh6 21. Ne5 Nxe5
22. dxe5 Qg5 23. g4 Qg7 24. Rxc7 Ba6 25. Bxd5 exd5 1-0

[Event "Interclubs Adultes"]
[Site "TOURS"]
[Date "2008.03.09"]
[Round "6.2"]
[White "Grigorov, Grigor"]
[Black "Todorov, Todor"]
[Result "1/2-1/2"]
[WhiteElo "2463"]
[BlackElo "2508"]
[PlyCount "49"]
[EventDate "2008.03.09"]
[WhiteTeam "C.E. Nantes"]
[BlackTeam "Drancy"]

1. d4 d6 2. c4 e5 3. Nf3 exd4 4. Nxd4 g6 5. Nc3 Bg7 6. e4 Nf6 7. Be2 O-O 8. O-O
Re8 9. f3 Nc6 10. Be3 Nh5 11. f4 Nf6 12. Nxc6 bxc6 13. Bf3 Nxe4 14. Nxe4 Bf5
15. Nxd6 cxd6 16. Bd4 Be4 17. Bxg7 Kxg7 18. Qd4+ Qf6 19. Rad1 Bxf3 20. Qxf6+
Kxf6 21. Rxf3 Re6 22. Rd2 Ke7 23. f5 Re4 24. b3 a5 25. Rfd3 1/2-1/2

[Event "Interclubs Adultes"]
[Site "TOURS"]
[Date "2008.03.09"]
[Round "6.3"]
[White "Karr, Jean-Philippe"]
[Black "Marholev, Dimitar"]
[Result "1/2-1/2"]
[WhiteElo "2395"]
[BlackElo "2401"]
[PlyCount "38"]
[EventDate "2008.03.09"]
[WhiteTeam "Drancy"]
[BlackTeam "C.E. Nantes"]

1. d4 Nf6 2. c4 e6 3. Nc3 c5 4. d5 exd5 5. cxd5 Bd6 6. g3 O-O 7. Bg2 Re8 8. Nf3
a6 9. a4 Bc7 10. Nd2 d6 11. h3 Nbd7 12. O-O Rb8 13. Rb1 Ba5 14. Nc4 Ne5 15.
Nxa5 Qxa5 16. Qc2 b5 17. axb5 axb5 18. b4 cxb4 19. Ne4 Nxe4 1/2-1/2

[Event "Interclubs Adultes"]
[Site "TOURS"]
[Date "2008.03.09"]
[Round "6.4"]
[White "Delaunay, Sebastien"]
[Black "Legky, Nikolay A"]
[Result "1/2-1/2"]
[WhiteElo "2355"]
[BlackElo "2479"]
[PlyCount "88"]
[EventDate "2008.03.09"]
[WhiteTeam "C.E. Nantes"]
[BlackTeam "Drancy"]

1. Nf3 d5 2. d4 e6 3. c4 Nf6 4. Nc3 a6 5. c5 Nc6 6. Bf4 Nh5 7. Bc1 Be7 8. e4
dxe4 9. Nxe4 O-O 10. Bc4 Nf6 11. Nc3 b6 12. cxb6 cxb6 13. O-O b5 14. Bd3 Nb4
15. Bb1 Bb7 16. a4 Nbd5 17. Ne2 Nb6 18. axb5 Bxf3 19. gxf3 axb5 20. Rxa8 Qxa8
21. Nc3 Bd6 22. Ne4 Bb8 23. Qd3 Nfd5 24. Qxb5 Rc8 25. Nc5 Qa7 26. Qd3 g6 27.
Qe4 Qe7 28. Qg4 Bd6 29. Nd3 Qb7 30. Re1 Nf6 31. Qh3 Nbd5 32. Bh6 Qb6 33. Be3
Bb4 34. Rd1 Qa5 35. Ne5 Qa4 36. Qf1 Nxe3 37. fxe3 Nd5 38. Rc1 Rxc1 39. Qxc1
Nxe3 40. Bxg6 hxg6 41. Qxe3 Qa1+ 42. Kg2 Qxb2+ 43. Kh3 Bd6 44. Qf4 Bxe5 1/2-1/2

[Event "Interclubs Adultes"]
[Site "TOURS"]
[Date "2008.03.09"]
[Round "6.5"]
[White "Berthelot, Yannick"]
[Black "Rihouay, Clement"]
[Result "1-0"]
[WhiteElo "2317"]
[BlackElo "2186"]
[PlyCount "129"]
[EventDate "2008.03.09"]
[WhiteTeam "Drancy"]
[BlackTeam "C.E. Nantes"]

1. e4 c5 2. Nf3 e6 3. d4 cxd4 4. Nxd4 a6 5. Bd3 Nf6 6. O-O d6 7. c4 Be7 8. Nc3
O-O 9. Qe2 Nbd7 10. f4 Qc7 11. Nf3 Rb8 12. e5 dxe5 13. fxe5 Ne8 14. Ng5 Bxg5
15. Bxg5 Qxe5 16. Qxe5 Nxe5 17. Bf4 Nxd3 18. Bxb8 Nxb2 19. Rf4 f6 20. Rd4 e5
21. Rd8 Bf5 22. Nd5 Kf7 23. Ne3 Be4 24. Rd2 Nd3 25. Rad1 Nf4 26. Rd7+ Ke6 27.
Kf2 Bc6 28. Rd8 Ke7 29. Ba7 Ne6 30. Rb8 f5 31. Nd5+ Kf7 32. Nb4 Be4 33. Rd7+
Kg6 34. Nd5 Nf6 35. Rxf8 Nxd7 36. Re8 Nd4 37. Re7 Nf6 38. Rxb7 Nc6 39. Ne7+
Nxe7 40. Rxe7 Bd3 41. c5 Bb5 42. Ke1 e4 43. Bb8 Nd5 44. Ra7 Nb4 45. Kd2 Nc6 46.
Rb7 Kf6 47. h4 h6 48. h5 Nd8 49. Rb6+ Kg5 50. Rg6+ Kxh5 51. Rxg7 Ne6 52. g4+
fxg4 53. Re7 Nd8 54. Bg3 Kg6 55. Ke3 Kf6 56. Rxe4 Ne6 57. Re5 Bc6 58. Rh5 Kg6
59. Rh2 h5 60. Rd2 Kf6 61. Rd6 Bb5 62. Ke4 Bc4 63. c6 Ke7 64. Rd7+ Ke8 65. Ke5
1-0

[Event "Interclubs Adultes"]
[Site "TOURS"]
[Date "2008.03.09"]
[Round "6.6"]
[White "Crouan, Stephane"]
[Black "Giffard, Nicolas"]
[Result "0-1"]
[WhiteElo "2206"]
[BlackElo "2389"]
[PlyCount "62"]
[EventDate "2008.03.09"]
[WhiteTeam "C.E. Nantes"]
[BlackTeam "Drancy"]

1. e4 c6 2. d4 d5 3. e5 Bf5 4. Nf3 e6 5. Be2 Nd7 6. O-O h6 7. b3 Bh7 8. c4 Ne7
9. Na3 Nf5 10. Nc2 Be7 11. a4 O-O 12. Re1 Nh4 13. a5 a6 14. Bb2 Ng6 15. Bf1 Re8
16. g3 f6 17. Bh3 Ngf8 18. exf6 Bxf6 19. Ne5 Nxe5 20. dxe5 Be7 21. cxd5 cxd5
22. Qd2 Bxc2 23. Qxc2 Bb4 24. Red1 Rc8 25. Qe2 Bxa5 26. f4 Bc3 27. Bxc3 Rxc3
28. f5 exf5 29. Bxf5 Qb6+ 30. Kh1 Re3 31. Qg2 R8xe5 0-1

[Event "Interclubs Adultes"]
[Site "TOURS"]
[Date "2008.03.09"]
[Round "6.7"]
[White "Salaun, Yann"]
[Black "Grill, Marc"]
[Result "1-0"]
[WhiteElo "2317"]
[BlackElo "2152"]
[PlyCount "95"]
[EventDate "2008.03.09"]
[WhiteTeam "Drancy"]
[BlackTeam "C.E. Nantes"]

1. d4 Nf6 2. c4 e6 3. Nc3 Bb4 4. e3 b6 5. Nge2 Ba6 6. a3 Bxc3+ 7. Nxc3 d5 8. b3
Nc6 9. b4 Bxc4 10. Bxc4 dxc4 11. Qe2 O-O 12. Qxc4 Qd7 13. O-O Nd5 14. Bb2 f5
15. Rac1 Nce7 16. Rfe1 Nxc3 17. Qxc3 Nd5 18. Qc6 Qf7 19. Rc2 Rae8 20. Bc1 Re7
21. b5 Kh8 22. Qc4 Qg6 23. f3 h5 24. Rce2 h4 25. h3 Qg3 26. Bd2 Ref7 27. Rf1
Rc8 28. e4 fxe4 29. Rxe4 Qd6 30. Rxh4+ Kg8 31. Qd3 Rf5 32. Rc1 c5 33. dxc5 Rxc5
34. Re1 Qd7 35. a4 Rc8 36. Rhe4 Rf6 37. Re5 Qd6 38. Bg5 Rc3 39. Qe4 Qc5+ 40.
Kh2 Rc4 41. Qb1 Rb4 42. Qd3 Rd4 43. Qe2 Qd6 44. Kh1 Rg6 45. Qc2 Kf7 46. h4 Nb4
47. Qxg6+ Kxg6 48. Rxe6+ 1-0

[Event "Interclubs Adultes"]
[Site "TOURS"]
[Date "2008.03.09"]
[Round "6.8"]
[White "Marchadour, Claire"]
[Black "Lefevre, Margaux"]
[Result "0-1"]
[WhiteElo "2053"]
[BlackElo "1954"]
[PlyCount "76"]
[EventDate "2008.03.09"]
[WhiteTeam "C.E. Nantes"]
[BlackTeam "Drancy"]

1. e4 c5 2. d3 Nc6 3. f4 g6 4. Nf3 Bg7 5. c3 d6 6. g3 Nf6 7. Bg2 O-O 8. O-O Rb8
9. Kh1 b5 10. Qe2 b4 11. d4 bxc3 12. bxc3 cxd4 13. cxd4 Qb6 14. Rd1 Ba6 15. Qe1
Nb4 16. Na3 Nd3 17. Rxd3 Bxd3 18. e5 dxe5 19. fxe5 Nd5 20. Qd1 Be4 21. Nc4 Qc6
22. Ncd2 Nc3 23. Qe1 Bd5 24. Ba3 Bh6 25. Nh4 Bxg2+ 26. Nxg2 Bxd2 27. Qxd2 Nb1
28. Qc1 Qe4 29. Bxe7 Rfc8 30. Bc5 Qxd4 31. Bxd4 Rxc1+ 32. Bg1 Rb2 33. Nf4 Rd2
34. h4 h6 35. Nh3 Kf8 36. Nf4 Ke7 37. e6 g5 38. hxg5 hxg5 0-1

[Event "Interclubs Adultes"]
[Site "TOURS"]
[Date "2008.03.09"]
[Round "6.1"]
[White "Tirard, Hugo"]
[Black "Bojkov, Dejan"]
[Result "1/2-1/2"]
[WhiteElo "2490"]
[BlackElo "2523"]
[PlyCount "63"]
[EventDate "2008.03.09"]
[WhiteTeam "Deauville"]
[BlackTeam "Migné-Auxances"]

1. e4 e5 2. Nf3 Nc6 3. Bb5 a6 4. Ba4 Nf6 5. O-O Be7 6. Re1 b5 7. Bb3 d6 8. c3
O-O 9. h3 Na5 10. Bc2 d5 11. Nxe5 dxe4 12. b4 Qd5 13. d4 Nc4 14. Bg5 e3 15.
Bxf6 Bxf6 16. Nxc4 exf2+ 17. Kxf2 Bh4+ 18. g3 Bxg3+ 19. Kxg3 Qg5+ 20. Kh2 Qf4+
21. Kg2 Bb7+ 22. d5 bxc4 23. Qd4 Qg5+ 24. Kh2 Rae8 25. Nd2 Bxd5 26. Ne4 Qf4+
27. Ng3 Qf3 28. Rg1 Re2+ 29. Nxe2 Qxe2+ 30. Kg3 Qf3+ 31. Kh2 Qe2+ 32. Kg3
1/2-1/2

[Event "Interclubs Adultes"]
[Site "TOURS"]
[Date "2008.03.09"]
[Round "6.2"]
[White "Inkiov, Ventzislav"]
[Black "Greet, Andrew N"]
[Result "1/2-1/2"]
[WhiteElo "2451"]
[BlackElo "2444"]
[PlyCount "76"]
[EventDate "2008.03.09"]
[WhiteTeam "Migné-Auxances"]
[BlackTeam "Deauville"]

1. e4 e5 2. Bc4 Nf6 3. d3 Nc6 4. Nf3 Be7 5. O-O O-O 6. a4 d6 7. c3 Na5 8. Ba2
c5 9. Nbd2 Nc6 10. Nc4 Be6 11. Re1 Qd7 12. h3 h6 13. Bd2 Rab8 14. Ne3 Bxa2 15.
Rxa2 d5 16. exd5 Nxd5 17. Nc4 f6 18. Nh4 Rf7 19. Qh5 Nf4 20. Bxf4 exf4 21. Nf5
Ne5 22. Rxe5 fxe5 23. Qxf7+ Kxf7 24. Nxe5+ Ke6 25. Nxd7 Kxd7 26. Nxe7 Kxe7 27.
Kf1 f3 28. gxf3 Rf8 29. b3 Rxf3 30. Re2+ Kd7 31. Re3 Rf6 32. d4 Rb6 33. Rg3 g5
34. h4 gxh4 35. Rg7+ Kc8 36. Rg8+ Kd7 37. Rg7+ Kc8 38. Rg8+ Kd7 1/2-1/2

[Event "Interclubs Adultes"]
[Site "TOURS"]
[Date "2008.03.09"]
[Round "6.3"]
[White "Sandalakis, Angelos"]
[Black "Bedouin, Xavier"]
[Result "1/2-1/2"]
[WhiteElo "2363"]
[BlackElo "2363"]
[PlyCount "35"]
[EventDate "2008.03.09"]
[WhiteTeam "Deauville"]
[BlackTeam "Migné-Auxances"]

1. e4 e5 2. Nf3 Nf6 3. Nxe5 d6 4. Nf3 Nxe4 5. Nc3 Nf6 6. d4 Be7 7. Bg5 h6 8.
Bf4 Bf5 9. Qd2 Ne4 10. Nxe4 Bxe4 11. Qe2 d5 12. Ne5 c6 13. f3 Bh7 14. Qd2 Nd7
15. Nxd7 Qxd7 16. O-O-O O-O 17. Bd3 Bxd3 18. Qxd3 1/2-1/2

[Event "Interclubs Adultes"]
[Site "TOURS"]
[Date "2008.03.09"]
[Round "6.4"]
[White "Picard, Romain"]
[Black "Geenen, Marc"]
[Result "1/2-1/2"]
[WhiteElo "2352"]
[BlackElo "2310"]
[PlyCount "33"]
[EventDate "2008.03.09"]
[WhiteTeam "Migné-Auxances"]
[BlackTeam "Deauville"]

1. e4 e6 2. d4 d5 3. Nd2 c5 4. exd5 Qxd5 5. Ngf3 cxd4 6. Bc4 Qd6 7. O-O Nf6 8.
Re1 Nc6 9. Ne4 Nxe4 10. Rxe4 Be7 11. Nxd4 e5 12. Bf4 exf4 13. Nxc6 Qxd1+ 14.
Rxd1 bxc6 15. Rde1 Kf8 16. Rxe7 Be6 17. R1xe6 1/2-1/2

[Event "Interclubs Adultes"]
[Site "TOURS"]
[Date "2008.03.09"]
[Round "6.5"]
[White "Colin, Vincent"]
[Black "Saada, Julien"]
[Result "1-0"]
[WhiteElo "2396"]
[BlackElo "2267"]
[PlyCount "57"]
[EventDate "2008.03.09"]
[WhiteTeam "Deauville"]
[BlackTeam "Migné-Auxances"]

1. d4 d5 2. c4 e6 3. Nc3 Nf6 4. Nf3 c6 5. e3 Nbd7 6. Qc2 Bd6 7. Bd3 O-O 8. O-O
dxc4 9. Bxc4 b5 10. Bd3 Bb7 11. Bd2 Qb8 12. h3 h6 13. e4 e5 14. dxe5 Nxe5 15.
Nxe5 Bxe5 16. f4 Bd4+ 17. Kh2 Rd8 18. e5 Bxc3 19. bxc3 Nd5 20. c4 bxc4 21. Bxc4
c5 22. Rab1 Nb6 23. Ba5 Qc7 24. e6 fxe6 25. Bxe6+ Kh8 26. Qg6 Rd4 27. Bf5 Kg8
28. Bc3 Rad8 29. Rbe1 1-0

[Event "Interclubs Adultes"]
[Site "TOURS"]
[Date "2008.03.09"]
[Round "6.6"]
[White "Fougerit, Valentin"]
[Black "Godard, Maxence"]
[Result "1/2-1/2"]
[WhiteElo "2205"]
[BlackElo "2332"]
[PlyCount "81"]
[EventDate "2008.03.09"]
[WhiteTeam "Migné-Auxances"]
[BlackTeam "Deauville"]

1. e4 c6 2. d4 d5 3. Nd2 dxe4 4. Nxe4 Nd7 5. Nf3 Ngf6 6. Nxf6+ Nxf6 7. c3 Bg4
8. Bd3 e6 9. O-O Qc7 10. Re1 Be7 11. Bg5 O-O 12. Bh4 Rfd8 13. Qe2 c5 14. Bg3
Qb6 15. Be5 cxd4 16. Bxd4 Qc6 17. Rad1 Bxf3 18. Qxf3 Qxf3 19. gxf3 Kf8 20. Re2
Rd5 21. Re5 Rxe5 22. Bxe5 Rd8 23. Bd4 b6 24. a4 Rd5 25. Bc4 Rd6 26. Ra1 a5 27.
Re1 Nd7 28. Bb5 Bf6 29. Be3 Ne5 30. Kg2 Ng6 31. f4 Nh4+ 32. Kg3 Nf5+ 33. Kf3
Nxe3 34. fxe3 Rd2 35. Re2 Rd1 36. Rc2 g5 37. Be2 Ra1 38. Bb5 Rd1 39. Be2 Ra1
40. Bb5 Rd1 41. Be2 1/2-1/2

[Event "Interclubs Adultes"]
[Site "TOURS"]
[Date "2008.03.09"]
[Round "6.7"]
[White "Amoyal, Pierre"]
[Black "Picard, Clement"]
[Result "1-0"]
[WhiteElo "2208"]
[BlackElo "2199"]
[PlyCount "113"]
[EventDate "2008.03.09"]
[WhiteTeam "Deauville"]
[BlackTeam "Migné-Auxances"]

1. d4 e6 2. c4 d5 3. Nc3 Be7 4. Nf3 Nf6 5. g3 dxc4 6. Qa4+ Bd7 7. Qxc4 Bc6 8.
Bg2 O-O 9. O-O a6 10. Bf4 b5 11. Qb3 Nbd7 12. Rac1 Ra7 13. Qc2 Qa8 14. Rfd1 Rc8
15. d5 Bxd5 16. Nxd5 exd5 17. Nd4 c5 18. Nf5 Bf8 19. g4 Re8 20. Ne3 Nb6 21. g5
Nh5 22. Nxd5 Nxd5 23. Bxd5 Qc8 24. Be3 Rc7 25. Kh1 g6 26. Bf3 Ng7 27. Rd5 Ne6
28. Qd2 Be7 29. Rd1 Rd8 30. Rxd8+ Bxd8 31. Qd5 Be7 32. Bg4 Qb7 33. Bxe6 fxe6
34. Qxb7 Rxb7 35. Kg2 Kf7 36. Kf3 Ke8 37. Rc1 Rc7 38. Ke4 Bd6 39. h4 Ke7 40.
Rh1 Kf7 41. h5 Kg7 42. hxg6 hxg6 43. Rd1 Be7 44. Bf4 Rb7 45. Be5+ Kf7 46. f4 c4
47. Rh1 a5 48. Rh7+ Kf8 49. Rg7 Rb6 50. Rxg6 Kf7 51. Rh6 Bf8 52. g6+ Ke8 53. g7
Bxg7 54. Bxg7 b4 55. Bd4 Rc6 56. Rh5 c3 57. bxc3 1-0

[Event "Interclubs Adultes"]
[Site "TOURS"]
[Date "2008.03.09"]
[Round "6.8"]
[White "Boulan, Laura"]
[Black "Fruteau, Sabine"]
[Result "1-0"]
[WhiteElo "1894"]
[BlackElo "2162"]
[PlyCount "77"]
[EventDate "2008.03.09"]
[WhiteTeam "Migné-Auxances"]
[BlackTeam "Deauville"]

1. e4 e5 2. Nf3 Nc6 3. Bc4 Bc5 4. c3 Nf6 5. d3 d6 6. O-O Bb6 7. Bb3 O-O 8. Nbd2
Ne7 9. Re1 Ng6 10. h3 c6 11. Nf1 Bc7 12. Ng3 h6 13. d4 Nf4 14. Be3 b6 15. Qd2
g5 16. Rad1 Qe7 17. Nh2 Kh8 18. Bc2 Rg8 19. Nf5 Bxf5 20. exf5 N6d5 21. dxe5
dxe5 22. Nf3 Nxe3 23. Qxe3 Nd5 24. Qe4 f6 25. Bb3 Rad8 26. Nd4 exd4 27. Qxe7
Nxe7 28. Rxe7 Rg7 29. Re6 Be5 30. Rxc6 d3 31. Re6 Rgd7 32. Kf1 b5 33. a4 b4 34.
cxb4 Bxb2 35. b5 Rc7 36. Rc6 Rxc6 37. bxc6 d2 38. c7 Rc8 39. Rxd2 1-0

[Event "Interclubs Adultes"]
[Site "TOURS"]
[Date "2008.03.09"]
[Round "6.1"]
[White "Delorme, Axel"]
[Black "Maleki, Manuel"]
[Result "0-1"]
[WhiteElo "2366"]
[BlackElo "2186"]
[PlyCount "90"]
[EventDate "2008.03.09"]
[WhiteTeam "Clichy II"]
[BlackTeam "Tours"]

1. e4 e6 2. d4 d5 3. Nc3 Nf6 4. Bg5 Bb4 5. e5 h6 6. Bd2 Bxc3 7. bxc3 Ne4 8. Qg4
Kf8 9. Bd3 Nxd2 10. Kxd2 c5 11. h4 c4 12. Bf1 Nc6 13. Rh3 Bd7 14. Ne2 Ne7 15.
Nf4 b5 16. Nh5 Rg8 17. a3 a5 18. Rb1 Rb8 19. Ng3 Nc6 20. Nh5 b4 21. axb4 axb4
22. cxb4 Rxb4 23. Rxb4 Qa5 24. Qf3 Qxb4+ 25. Qc3 Qxc3+ 26. Kxc3 Ke7 27. Be2 g6
28. Nf6 Ra8 29. Rh1 Na7 30. Rb1 Nb5+ 31. Kd2 Bc6 32. Bd1 Nxd4 33. Rb6 Kd8 34.
g4 Kc7 35. Rb1 Nb5 36. Rb4 Kb6 37. h5 Kc5 38. Rb1 d4 39. f4 Nc3 40. Rc1 Ne4+
41. Ke1 Nxf6 42. exf6 gxh5 43. g5 hxg5 44. fxg5 Rg8 45. Bxh5 Rxg5 0-1

[Event "Interclubs Adultes"]
[Site "TOURS"]
[Date "2008.03.09"]
[Round "6.2"]
[White "Dieu, Bruno"]
[Black "Rainfray, Arnaud"]
[Result "1/2-1/2"]
[WhiteElo "2253"]
[BlackElo "2406"]
[PlyCount "82"]
[EventDate "2008.03.09"]
[WhiteTeam "Tours"]
[BlackTeam "Clichy II"]

1. e4 c5 2. b3 Nf6 3. e5 Nd5 4. Bb2 Na6 5. Nf3 Nac7 6. g3 Ne6 7. Bg2 g6 8. O-O
Bg7 9. Re1 d6 10. Na3 O-O 11. Rb1 Nd4 12. exd6 Qxd6 13. Nc4 Qc7 14. a4 Rd8 15.
d3 h6 16. Nfd2 Be6 17. Ne3 a6 18. Ne4 Nb4 19. Qd2 f5 20. Nc3 Bf7 21. Ba1 e5 22.
Rbc1 Rd7 23. Ne2 Nbc6 24. Nxd4 Nxd4 25. Nc4 Rad8 26. Qa5 Qxa5 27. Nxa5 b5 28.
axb5 axb5 29. Nc6 Rc8 30. Nxe5 Bxe5 31. Rxe5 c4 32. bxc4 bxc4 33. dxc4 Rxc4 34.
Bxd4 Rdxd4 35. Re3 Rd2 36. h3 f4 37. Re4 g5 38. gxf4 gxf4 39. Rxc4 Bxc4 40. Bf3
Kg7 41. Kg2 Kf6 1/2-1/2

[Event "Interclubs Adultes"]
[Site "TOURS"]
[Date "2008.03.09"]
[Round "6.3"]
[White "Silva, Sebastian"]
[Black "Loiret, Stanislas"]
[Result "0-1"]
[WhiteElo "2369"]
[BlackElo "2242"]
[PlyCount "96"]
[EventDate "2008.03.09"]
[WhiteTeam "Clichy II"]
[BlackTeam "Tours"]

1. d4 d5 2. Nf3 Nf6 3. c4 c6 4. Nc3 dxc4 5. e3 b5 6. a4 Nd5 7. Ne5 e6 8. axb5
Bb4 9. Bd2 Bxc3 10. bxc3 cxb5 11. e4 Nf6 12. Bg5 Nbd7 13. Qb1 Qc7 14. Bxf6 gxf6
15. Ng4 a6 16. Be2 Bb7 17. O-O Qf4 18. d5 Rg8 19. Ne3 Nc5 20. Qb4 Rc8 21. Rad1
Qxe4 22. Rd4 Rxg2+ 23. Kh1 Rxh2+ 24. Kxh2 Qe5+ 25. Kh3 exd5 26. Bf3 Ne6 27. Ng4
Qh5+ 28. Kg3 Qg5 29. Qd6 Rd8 30. Qb6 Bc8 31. Re1 h5 32. Bxd5 Rxd5 33. Rxd5
Qxg4+ 34. Kh2 Qh4+ 35. Kg1 Qg4+ 36. Kf1 Qh3+ 37. Ke2 Qxc3 38. Qd6 Bb7 39. Rf5
Qc2+ 40. Kf1 Qxf5 41. Qb8+ Ke7 42. Qxb7+ Kf8 43. Qxa6 Qd5 44. Qa3+ Kg7 45. Kg1
Nd4 46. Re3 Ne2+ 47. Kh2 Qd1 48. Qa8 Qg1+ 0-1

[Event "Interclubs Adultes"]
[Site "TOURS"]
[Date "2008.03.09"]
[Round "6.4"]
[White "Wenzel, Johannes"]
[Black "Lagarde, Maxime"]
[Result "0-1"]
[WhiteElo "2144"]
[BlackElo "2268"]
[PlyCount "66"]
[EventDate "2008.03.09"]
[WhiteTeam "Tours"]
[BlackTeam "Clichy II"]

1. Nf3 c5 2. g3 Nc6 3. Bg2 e5 4. O-O g6 5. e4 Bg7 6. Nc3 d6 7. d3 Nge7 8. Nd5
O-O 9. c3 h6 10. a4 Be6 11. Nd2 f5 12. Nc4 Bf7 13. Nxe7+ Qxe7 14. exf5 gxf5 15.
Ne3 Be6 16. Qh5 Qf7 17. Qxf7+ Rxf7 18. f4 exf4 19. gxf4 d5 20. Nxd5 Rd8 21. Ne3
Rxd3 22. a5 a6 23. Bf3 Bf6 24. Rd1 Rg7+ 25. Kh1 Rxd1+ 26. Nxd1 Bd8 27. Be3 Nxa5
28. b4 cxb4 29. cxb4 Nc4 30. Bd4 Rd7 31. Bc3 Bb6 32. Nb2 Nd6 33. Re1 Ne4 0-1